[Event "IRI-ch U14"]
[Site "Chess.com INT"]
[Date "2021.01.16"]
[Round "4"]
[White "Ahmadi, Amir Hossein1"]
[Black "Sharifi, Nariman"]
[Result "0-1"]
[WhiteElo "1304"]
[BlackElo "1013"]
[PlyCount "92"]
[EventDate "2021.01.16"]
[EventType "swiss"]
[EventRounds "11"]
[EventCountry "IRI"]
[SourceTitle "EXT 2022"]
[Source "ChessBase"]
[SourceDate "2021.10.06"]
[SourceVersion "1"]
[SourceVersionDate "2021.10.06"]
[SourceQuality "1"]

1. d4 Nf6 2. c4 e5 3. d5 Bc5 4. Nc3 d6 5. e4 0-0 6. h3 h6 7. Nf3 Nh7 8. Rb1 f5 9. b4 Bb6 10. Bd3 a6 11. Qc2 f4 12. Ne2 Ng5 13. Neg1 Re8 14. Bd2 Nd7 15. Bc3 Nf8 16. Bb2 Nfh7 17. Qc3 Nxf3+ 18. Nxf3 Ng5 19. c5 Ba7 20. Ke2 Nxf3 21. gxf3 Bd7 22. Ba3 Rf8 23. b5 axb5 24. cxd6 cxd6 25. Bxd6 Bd4 26. Qb3 Rf6 27. Bb4 Qb6 28. Rhf1 Bxh3 29. d6+ Kh8 30. Rh1 Be6 31. Qc2 Rxa2 32. Rbc1 Rxc2+ 33. Rxc2 Bxf2 34. Rf1 Be3 35. Bc5 Bxc5 36. Rfc1 Bc4 37. Bxc4 bxc4 38. Rxc4 Bxd6 39. Rc8+ Kh7 40. R1c2 Qe3+ 41. Kf1 Qxf3+ 42. Ke1 Qxe4+ 43. Kd1 Rg6 44. Re2 Rg1+ 45. Kd2 Bb4+ 46. Rc3 Bxc3+ 0-1

[Event "IRI-ch U14"]
[Site "Chess.com INT"]
[Date "2021.01.16"]
[Round "1"]
[White "Sharifi, Nariman"]
[Black "Bagheri Astani, Farzam"]
[Result "1/2-1/2"]
[WhiteElo "1013"]
[BlackElo "1654"]
[PlyCount "208"]
[EventDate "2021.01.16"]
[EventType "swiss"]
[EventRounds "11"]
[EventCountry "IRI"]
[SourceTitle "EXT 2022"]
[Source "ChessBase"]
[SourceDate "2021.10.06"]
[SourceVersion "1"]
[SourceVersionDate "2021.10.06"]
[SourceQuality "1"]

1. e4 c5 2. Nc3 Nc6 3. f4 g6 4. Nf3 Bg7 5. d3 d6 6. Be3 Nf6 7. g3 0-0 8. Bg2 Bg4 9. 0-0 Nd4 10. Bxd4 cxd4 11. Ne2 Qb6 12. Kh1 Bxf3 13. Bxf3 Rac8 14. Rb1 Rc7 15. Qd2 Rfc8 16. Rfc1 Nd7 17. Bg4 e6 18. b4 a6 19. a4 Qc6 20. b5 axb5 21. axb5 Qb6 22. Rb2 Rc5 23. Rcb1 Ra8 24. f5 Ne5 25. Bh3 exf5 26. exf5 Ra5 27. fxg6 fxg6 28. Nxd4 Nd7 29. Bxd7 Bxd4 30. Be6+ Kg7 31. Rb4 Raxb5 32. Rxb5 Rxb5 33. Rxb5 Qxb5 34. Bb3 Qc6+ 35. Qg2 Qd7 36. Qe4 Bf6 37. Kg2 Qc7 38. Qe6 Qd8 39. Qf7+ Kh6 40. Qxb7 Qe8 41. Qf3 Kg7 42. Kf2 Qe5 43. Qb7+ Kh6 44. Qe4 Qg5 45. Qf4 Qxf4+ 46. gxf4 Kg7 47. Kf3 Kf8 48. Ke4 Ke7 49. f5 g5 50. h3 h6 51. Be6 Be5 52. d4 Bf6 53. c4 Bg7 54. Kd5 Bf6 55. c5 dxc5 56. Kxc5 Kd8 57. d5 Kc7 58. d6+ Kd8 59. Kc6 Bg7 60. Kd5 Bf6 61. Ke4 Bg7 62. Kf3 Be5 63. Kg4 Bxd6 64. Kh5 Bf8 65. Kg6 Ke7 66. Bg8 Kd6 67. Kf7 Ke5 68. Bh7 Bd6 69. Kg6 Be7 70. Kxh6 Kf6 71. Bg6 Bd6 72. Kh5 Bf4 73. Kg4 Bc1 74. h4 gxh4 75. Kxh4 Bg5+ 76. Kg4 Bc1 77. Kf3 Bb2 78. Ke4 Be5 79. Kd5 Bh2 80. Ke4 Bg1 81. Kf3 Ba7 82. Kg4 Bb8 83. Kh5 Be5 84. Kh6 Bf4+ 85. Kh7 Bg5 86. Kg8 Bc1 87. Kf8 Ba3+ 88. Ke8 Be7 89. Kd7 Ba3 90. Kc6 Bc1 91. Kd6 Bf4+ 92. Kd5 Bh2 93. Ke4 Bg1 94. Kd3 Bh2 95. Ke2 Bg1 96. Kf1 Ba7 97. Ke2 Bb8 98. Kd3 Ba7 99. Kc4 Bb8 100. Kd5 Ba7 101. Kc6 Bg1 102. Bh7 Bh2 103. Bg6 Bg1 104. Kd5 Bh2 1/2-1/2